Statistics for Emoji Face by Picture

Click here to take the quiz!

General Stats

  • This quiz has been taken 29 times
  • The average score is 3 of 10

Answer Stats

EmojiName% Correct
😇Smiling Face with Halo
72%
😍Smiling Face with Heart-Eyes
67%
😙kissing Face with Smiling Eyes
39%
😀Grinning Face
33%
😆Smiling Face with Open Mouth
28%
😐Neutral Face
22%
😖Confounded Face
17%
😓Face with Cold Sweat
17%
😅Smiling Face with Open Mouth & Cold Sweat
17%
☺️Smiling Face with Smiling Eyes
11%

Score Distribution

Percentile by Number Answered

Percent of People with Each Score

Your Score History

You have not taken this quiz